La Polonia milenaria (Record no. 10018)

MARC details
000 -CABECERA
campo de control de longitud fija 00622nam a2200217 a 4500
001 - NÚMERO DE CONTROL
campo de control BRL_1206
005 - FECHA Y HORA DE LA ÚLTIMA TRANSACCIÓN
campo de control 20190320211101.0
008 - DATOS DE LONGITUD FIJA--INFORMACIÓN GENERAL
campo de control de longitud fija 281113s19uu----pl-ao#####---#000-0#spa-#
041 ## - CÓDIGO DE LENGUA
Código de lengua del texto/banda sonora o título independiente spa
044 ## - CÓDIGO DEL PAÍS DE LA ENTIDAD EDITORA/PRODUCTORA
Código MARC del país pl
050 #4 - SIGNATURA TOPOGRÁFICA DE LA BIBLIOTECA DEL CONGRESO
Número de clasificación DK414
Número de documento/Ítem .P65 1900
245 10 - MENCIÓN DE TÍTULO
Título La Polonia milenaria
Mención de responsabilidad, etc. Versión española: Anna Rosa y Alvaro Peláez.
260 ## - PUBLICACIÓN, DISTRIBUCIÓN, ETC.
Lugar de publicación, distribución, etc. Polonia
Nombre del editor, distribuidor, etc. Ediciones Interpress
Fecha de publicación, distribución, etc. [19--]
300 ## - DESCRIPCIÓN FÍSICA
Extensión 259 p.
Otras características físicas il. (algunas a color), mapas
Dimensiones 27 cm.
500 ## - NOTA GENERAL
Nota general Au1389
651 #4 - PUNTO DE ACCESO ADICIONAL DE MATERIA--NOMBRE GEOGRÁFICO
Nombre geográfico Polonia
Subdivisión general Historia
9 (RLIN) 26114
700 1# - PUNTO DE ACCESO ADICIONAL--NOMBRE DE PERSONA
Nombre de persona Rossa, Anna
Término indicativo de función/relación tr.
9 (RLIN) 26115
700 1# - PUNTO DE ACCESO ADICIONAL--NOMBRE DE PERSONA
Nombre de persona Peláez, Alvaro
Término indicativo de función/relación tr.
9 (RLIN) 26116
902 ## - CATALOGADOR
Iniciales GRL
942 ## - ELEMENTOS DE PUNTO DE ACCESO ADICIONAL (KOHA)
Fuente del sistema de clasificación o colocación Library of Congress Classification
Tipo de ítem Koha Libros
Holdings
Estado de retiro Estado de pérdida Estado dañado No para préstamo Localización permanente Ubicación/localización actual Fecha de adquisición Número de inventario Total de préstamos Signatura topográfica completa Código de barras Fecha visto por última vez Precio válido a partir de Tipo de ítem Koha
El ejemplar forma parte de la colección y puede ser consultado según las políticas vigentes.       Biblioteca Centro de Estudios Ruth D. Lechuga Biblioteca Centro de Estudios Ruth D. Lechuga 28/11/2013 Au1389   DK414 .P65 1900 (Au1389) GRL01323 22/03/2019 22/03/2019 Libros